The last things : (Record no. 10242)

MARC details
000 -LEADER
fixed length control field 01497cam a22003134a 4500
001 - CONTROL NUMBER
control field 13443951
003 - CONTROL NUMBER IDENTIFIER
control field GBCCL
005 - DATE AND TIME OF LATEST TRANSACTION
control field 20241126110728.0
008 - FIXED-LENGTH DATA ELEMENTS--GENERAL INFORMATION
fixed length control field 031224s2004 ilu b 001 0 eng
010 ## -
-- 2003027941
020 ## - INTERNATIONAL STANDARD BOOK NUMBER
International Standard Book Number 0830814175 (cloth : alk. paper)
040 ## - CATALOGING SOURCE
Original cataloging agency DLC
Transcribing agency DLC
Modifying agency DLC
042 ## -
-- pcc
050 00 -
-- BT821.3
-- .B58 2004
082 00 - DEWEY DECIMAL CLASSIFICATION NUMBER
Classification number 236
Edition information 22
Item number BLO
100 1# - MAIN ENTRY--PERSONAL NAME
Personal name Bloesch, Donald G.,
Dates associated with a name 1928-2010.
9 (RLIN) 5941
245 14 - TITLE STATEMENT
Title The last things :
Remainder of title resurrection, judgment, glory /
Statement of responsibility, etc. Donald G. Bloesch.
260 ## - PUBLICATION, DISTRIBUTION, ETC.
Place of publication, distribution, etc. Downers Grove, Ill. :
Name of publisher, distributor, etc. InterVarsity Press,
Date of publication, distribution, etc. c2004.
300 ## - PHYSICAL DESCRIPTION
Extent 336 p. ;
Dimensions 24 cm.
490 1# - SERIES STATEMENT
Series statement Christian foundations
504 ## - BIBLIOGRAPHY, ETC. NOTE
Bibliography, etc. note Includes bibliographical references (p. [303]-323) and indexes.
505 0# - FORMATTED CONTENTS NOTE
Formatted contents note Controversial themes in eschatology -- Light against darkness -- The day of the Lord -- The millennial hope -- The resurrection of the dead -- The interim state -- The communion of saints -- Predestined to glory -- Israel's salvation : the supersessionist controversy -- The triumph of grace -- The dawning of hope.
650 #0 - SUBJECT ADDED ENTRY--TOPICAL TERM
Topical term or geographic name entry element Eschatology.
9 (RLIN) 2009
800 1# -
-- Bloesch, Donald G.,
-- 1928-2010.
-- Christian foundations.
-- 16290
856 41 - ELECTRONIC LOCATION AND ACCESS
Materials specified Table of contents
Uniform Resource Identifier <a href="http://www.loc.gov/catdir/toc/ecip0412/2003027941.html">http://www.loc.gov/catdir/toc/ecip0412/2003027941.html</a>
906 ## - LOCAL DATA ELEMENT F, LDF (RLIN)
a 7
b cbc
c orignew
d 1
e ecip
f 20
g y-gencatlg
942 ## - ADDED ENTRY ELEMENTS (KOHA)
Source of classification or shelving scheme Dewey Decimal Classification
Koha item type Books
Koha issues (borrowed), all copies 1
Holdings
Withdrawn status Lost status Source of classification or shelving scheme Damaged status Not for loan Home library Current Library Shelving location Date acquired Total checkouts Full call number Barcode Date last seen Date last checked out Copy number Price effective from Koha item type
    Dewey Decimal Classification     GRACE BIBLE COLLEGE GRACE BIBLE COLLEGE Theology 2024-05-06 2 236 BLO 016792 2025-12-01 2025-11-27 c.1 2024-05-06 Books
© Grace Bible College Library 2025